|
|
|
|
| LEADER |
00921pam a22002418a 4500 |
| 001 |
00027285 |
| 005 |
20171026081022.0 |
| 008 |
111019s2010 ||||||viesd |
| 020 |
|
|
|c 35000
|
| 041 |
0 |
# |
|a vie
|
| 082 |
1 |
4 |
|a 895.922 8
|b K600Ư
|
| 100 |
1 |
# |
|a Mã, Thiện Đồng
|
| 245 |
1 |
0 |
|a Ký ức tàu không số
|c Mã Thiện Đồng
|
| 260 |
# |
# |
|a TP. Hồ Chí Minh
|b Tổng Hợp TP. Hồ Chí Minh
|c 2010
|
| 300 |
# |
# |
|a 339tr.
|b chân dung, hình ảnh (1 phần màu)
|c 21cm.
|
| 490 |
# |
# |
|a Tủ sách truyền thống
|
| 650 |
# |
4 |
|a Chiến tranh Việt Nam
|y 1961-1975
|v Tiểu thuyết
|
| 650 |
# |
4 |
|a Ký ức
|v Tiểu thuyết
|
| 650 |
# |
4 |
|a Tàu biển
|v Tiểu thuyết
|z Việt Nam
|
| 852 |
# |
# |
|b Kho đọc
|j KD.0011867
|
| 852 |
# |
# |
|j KD.0011867
|
| 910 |
|
|
|d 19/10/2011
|
| 980 |
# |
# |
|a Trung tâm Học liệu Lê Vũ Hùng, Trường Đại học Đồng Tháp
|